000 01215nam a2200325 i 4500
001 bg
003 BPK
005 20201027131519.0
008 s2000 pl a |000 0 pol
020 _a8387621773
020 _a8386600373
040 _cBPK
080 _a39
080 _a316.7
080 _a(02.025.2)
245 0 0 _aWielka encyklopedia geografii świata.
_nT.18,
_pŚwiat grup etnicznych /
_cMichael Abdalla [et al.] ; pod red. Aleksandra Posern-Zielińskiego ; kom. nauk. Andrzej Kostrzewski (przewodn.) [et al.].
246 3 0 _aŚwiat grup etnicznych
260 _aPoznań :
_b"Kurpisz",
_ccop. 2000.
300 _aVI, 360 s. :
_bfot. kolor., mapy, rys., wykr. ;
_c30 cm.
504 _aBibliogr. s. 354-355. - Indeks.
655 _aEncyklopedia
650 4 _aEtnografia
650 4 _aAntropologia społeczna
700 1 _aAbdalla, Michael
_d(1952- ).
700 1 _aPosern-Zieliński, Aleksander
_d(1943- ).
_eRed.
700 1 _aKostrzewski, Andrzej
_d(1939- )
_eRedakcja
710 2 _aWydawnictwo Kurpisz
856 _uhttp://koha.tu.koszalin.pl/cgi-bin/koha/opac-detail.pl?biblionumber=37264
_yKatalog online BPK
942 _cKS
_2UKD
999 _c37264
_d37264